00482nam a22001577a 450000500170000001000150001702000260003203500140005803700130007208200100008510000170009524500470011226000400015927001030019930000220030220190927125259.0 aENG-126575 c995.00a9788178441450 aEN-110107 bDBAD/PUB a635.9 aHegde , P. D aUseful Decorative Plants /cBy P. D. Hegde aNew Delhi bK.K. Publicationsc2018 bNew Delhia4806/24 , Bharat Ram , Daryaganj e110002k011-47340207 , 23285167mkkdevinder@vsnl.net a256p.c23cm,(hbk)